000 00460pab a2200169 454500
008 180718b2009 xxu||||| |||| 00| 0 eng d
100 _aLakshmi, N. Vijaya
245 _aA comprehensive review of literature on organizational effectiveness
260 _c2009
300 _ap.55-69.
362 _aOct-Dec
650 _aOrganizations
700 _aGautam, Vinayshil
773 _aIndian Journal of Training and Development
908 _aN
909 _a85816
999 _c85816
_d85816